000 00508nam a2200157 i 4500
001 120775
003 ES-MaACL
005 20230906191623.0
007 t|
008 070214s1952 sp |||| | spa d
100 1 _aPrados y López, Manuel.
_993645
245 1 0 _aIntimidad del hombre
_b: (ensayos breves) /
_cManuel Prados y López.
260 _aMadrid :
_b[s. n.],
_c1952 (
_fTaller-Escuela de Artes Gráf. de Huérfanos de la Guardia Civil)
300 _a60 p. ;
_c21 cm.
852 _aES-MaACL
_j1982-F-4
999 _c120775
_d120775